| 000 | 01115cam a2200265 a 4500 | ||
|---|---|---|---|
| 001 | 4224345 | ||
| 005 | 19901015093018.7 | ||
| 008 | 820917s1983 nyua be 001 0 eng | ||
| 010 | _a 82018663 | ||
| 020 |
_a0070454868 : _c$57.50 (est.) |
||
| 040 |
_aDLC _cDLC _dDLC |
||
| 050 | 0 | 0 |
_aTA9 _b.M36 1983 |
| 082 | 0 | 0 |
_a620.003 _222 _bENG |
| 245 | 0 | 0 |
_aMcGraw-Hill Encyclopedia of Engineering / _cSybil P. Parker, editor in chief. |
| 260 |
_aNew York : _bMcGraw-Hill, _cc1983. |
||
| 300 |
_aviii, 1264 p. : _bill. ; _c29 cm. |
||
| 500 | _a"All of the material in this volume has been published previously in the McGraw-Hill encyclopedia of science & technology, fifth edition"--T.p. verso. | ||
| 504 | _aIncludes bibliographies and index. | ||
| 650 | 0 |
_aEngineering _xEncyclopedias. _97805 |
|
| 700 | 1 |
_aParker, Sybil P. _97806 |
|
| 710 | 2 |
_aMcGraw-Hill Book Company. _97807 |
|
| 730 |
_aMcGraw-Hill encyclopedia of science & technology. _97808 |
||
| 942 |
_2ddc _cNB |
||
| 999 |
_c12269 _d12269 |
||